[Event "Gonzaga Masters 2016"]
[Site "Dublin IRL"]
[Date "2016.01.23"]
[Round "2"]
[White "O'Connell, Gerard"]
[Black "Li, Henry"]
[Result "0-1"]
[WhiteElo "2114"]
[BlackElo "1882"]
[WhiteICU "2016"]
[BlackICU "1995"]
[WhiteClub "St. Benildus"]
[BlackClub "Gonzaga"]
[WhiteNationality "IRL"]
[BlackNationality "IRL"]
[WhiteFideId "2500493"]
[BlackFideId "2508524"]
[PlyCount "110"]
[EventDate "2016.01.22"]
[Source "Herbert Scarry, via Dylan Boland"]

{ Reference: <a
href="http://www.irlchess.com/gonzaga2016_allfiles/pairings_gonzaga2016.html">Tournament
report</a>. } { Event information: <a
href="http://ratings.icu.ie/tournaments/781">Pairings &amp; results</a>,
ICU ratings web site. }

1. d4 Nf6 2. c4 g6 3. Nc3 Bg7 4. e4 d6 5. Nf3 O-O 6. Be2 e5 7. O-O Nc6 8.
d5 Ne7 9. b4 a5 10. Ba3 axb4 11. Bxb4 b6 12. a4 Re8 13. a5 c5 14. dxc6 Nxc6
15. Bxd6 Rxa5 16. Rxa5 Nxa5 17. Bxe5 Qxd1 18. Rxd1 Nxe4 19. Nxe4 Bxe5 20.
Nxe5 Rxe5 21. Rd8+ Kg7 22. Rxc8 Rxe4 23. Kf1 Kf6 24. f3 Re6 25. Kf2 Rc6 26.
Rxc6+ Nxc6 27. Ke3 Ke5 28. f4+ Kd6 29. Bf3 Ne7 30. Kd4 Nf5+ 31. Kc3 Kc5 32.
g3 Nd6 33. Be2 Ne4+ 34. Kd3 f5 35. Bf1 Nf2+ 36. Kc3 Ng4 37. h3 Nf2 38. Bg2
Nd1+ 39. Kb3 Ne3 40. Bb7 Nxc4 41. Bc8 Nd2+ 42. Kc2 Nf1 43. g4 Kd4 44. Be6
Ke4 45. Bg8 h5 46. Bh7 Kxf4 47. Bxg6 fxg4 48. hxg4 hxg4 49. Kd3 Ne3 50. Ke2
b5 51. Bf7 g3 52. Be8 b4 53. Bf7 Nf5 54. Bd5 Nd4+ 55. Kd3 Nf3 0-1

[Event "Gonzaga Masters 2016"]
[Site "Dublin IRL"]
[Date "2016.01.23"]
[Round "3"]
[White "O'Gorman, Tom"]
[Black "O'Neill, Paul"]
[Result "1-0"]
[WhiteElo "2010"]
[BlackElo "1833"]
[WhiteICU "2135"]
[BlackICU "1679"]
[WhiteClub "Dun Laoghaire"]
[BlackClub "Naomh Barrog"]
[WhiteNationality "IRL"]
[BlackNationality "IRL"]
[WhiteFideId "2508249"]
[BlackFideId "2507692"]
[PlyCount "81"]
[EventDate "2016.01.22"]
[Source "Herbert Scarry, via Dylan Boland"]

{ Reference: <a
href="http://www.irlchess.com/gonzaga2016_allfiles/pairings_gonzaga2016.html">Tournament
report</a>. } { Event information: <a
href="http://ratings.icu.ie/tournaments/781">Pairings &amp; results</a>,
ICU ratings web site. }

1. e4 c5 2. Nf3 d6 3. d4 cxd4 4. Nxd4 Nf6 5. Nc3 a6 6. Bg5 e6 7. f4 Be7 8.
Qf3 Qc7 9. O-O-O b5 10. e5 Bb7 11. Qg3 dxe5 12. fxe5 Nh5 13. Qh4 Bxg5+ 14.
Qxg5 g6 15. Bxb5+ Nc6 16. Bxc6+ Bxc6 17. Nxc6 Qxc6 18. Rd6 Qc4 19. Rhd1
Qf4+ 20. Qxf4 Nxf4 21. g3 Nh5 22. Ne4 O-O 23. Rd7 Rab8 24. Nd6 Rb6 25. Rf1
f5 26. Re7 Ng7 27. Rd1 Rc6 28. Rd3 Rc5 29. Rb3 Rxe5 30. Rbb7 Nh5 31. Nf7
Rxf7 32. Rxf7 Rb5 33. Rxh7 Rxb7 34. Rxb7 e5 35. c4 Nf6 36. c5 Kf8 37. c6
Nd5 38. c7 Ne7 39. Rb8+ Kf7 40. c8=R Nxc8 41. Rxc8 1-0

[Event "Gonzaga Masters 2016"]
[Site "Dublin IRL"]
[Date "2016.01.23"]
[Round "3"]
[White "Beatty, Ross"]
[Black "Redmond, Joshua"]
[Result "1-0"]
[WhiteElo "1737"]
[BlackElo "1742"]
[WhiteICU "1752"]
[BlackICU "1660"]
[WhiteClub "St. Benildus"]
[BlackClub "Elm Mount"]
[WhiteNationality "IRL"]
[BlackNationality "IRL"]
[WhiteFideId "2507552"]
[BlackFideId "66800315"]
[PlyCount "67"]
[EventDate "2016.01.22"]
[Source "Herbert Scarry, via Dylan Boland"]

{ Reference: <a
href="http://www.irlchess.com/gonzaga2016_allfiles/pairings_gonzaga2016.html">Tournament
report</a>. } { Event information: <a
href="http://ratings.icu.ie/tournaments/781">Pairings &amp; results</a>,
ICU ratings web site. }

1. d4 d5 2. Nf3 Nf6 3. e3 e6 4. Bd3 c5 5. c3 Bd6 6. O-O O-O 7. Nbd2 b6 8.
e4 dxe4 9. Nxe4 h6 10. Nxf6+ Qxf6 11. Be4 Nc6 12. Bxc6 Rb8 13. Qa4 Bb7 14.
Bxb7 Rxb7 15. dxc5 bxc5 16. Qh4 g5 17. Qg4 Qg6 18. Re1 Re7 19. Be3 f5 20.
Qc4 g4 21. Nd2 Rc8 22. Bf4 Bxf4 23. Qxf4 Qf6 24. Nc4 Rce8 25. Qe5 Qh4 26.
Nd6 Rf8 27. Qxc5 f4 28. Qc4 f3 29. Rxe6 Rxe6 30. Qxe6+ Kh7 31. Nf5 Qh5 32.
Ng3 Qc5 33. Qe4+ Kh8 34. Qd4+ 1-0

[Event "Gonzaga Masters 2016"]
[Site "Dublin IRL"]
[Date "2016.01.23"]
[Round "3"]
[White "Higgins, Michael"]
[Black "Vlaicevic, Marin"]
[Result "1/2-1/2"]
[WhiteElo "1629"]
[BlackElo "1993"]
[WhiteICU "1771"]
[BlackICU "1948"]
[WhiteClub "Rathmines Jrs"]
[BlackClub "Rathmines"]
[WhiteNationality "IRL"]
[BlackNationality "CRO"]
[WhiteFideId "2507153"]
[BlackFideId "14512394"]
[PlyCount "60"]
[EventDate "2016.01.22"]
[Source "Herbert Scarry, via Dylan Boland"]

{ Reference: <a
href="http://www.irlchess.com/gonzaga2016_allfiles/pairings_gonzaga2016.html">Tournament
report</a>. } { Event information: <a
href="http://ratings.icu.ie/tournaments/781">Pairings &amp; results</a>,
ICU ratings web site. }

1. c4 Nf6 2. g3 g6 3. Bg2 Bg7 4. Nc3 d6 5. Nf3 e5 6. d3 O-O 7. O-O c6 8.
Rb1 Nbd7 9. b4 d5 10. Qb3 d4 11. Nd1 Qe7 12. Ba3 Ne8 13. e3 Nc7 14. exd4
exd4 15. Re1 Ne6 16. Bb2 c5 17. bxc5 Ndxc5 18. Qa3 Qc7 19. Nd2 Rd8 20. f4
Bd7 21. Ne4 Nxe4 22. Bxe4 Bf8 23. Qb3 Nc5 24. Qc2 Bc6 25. Nf2 Nxe4 26. Nxe4
f5 27. Nd2 Qd6 28. Nb3 Bg7 29. Na5 Re8 30. Nxc6 Qxc6 1/2-1/2

[Event "Gonzaga Masters 2016"]
[Site "Dublin IRL"]
[Date "2016.01.23"]
[Round "3"]
[White "Moran, Stephen"]
[Black "O'Donnell, Conor"]
[Result "1/2-1/2"]
[BlackTitle "FM"]
[WhiteElo "2128"]
[BlackElo "2302"]
[WhiteICU "2123"]
[BlackICU "2277"]
[WhiteClub "T.C.D."]
[BlackClub "Gonzaga"]
[WhiteNationality "IRL"]
[BlackNationality "IRL"]
[WhiteFideId "2501872"]
[BlackFideId "2504243"]
[PlyCount "42"]
[EventDate "2016.01.22"]
[Source "Herbert Scarry, via Dylan Boland"]

{ Reference: <a
href="http://www.irlchess.com/gonzaga2016_allfiles/pairings_gonzaga2016.html">Tournament
report</a>. } { Event information: <a
href="http://ratings.icu.ie/tournaments/781">Pairings &amp; results</a>,
ICU ratings web site. }

1. d4 d5 2. c4 e6 3. cxd5 exd5 4. Nc3 c6 5. Nf3 Bd6 6. Bg5 Ne7 7. e3 f6 8.
Bh4 Bf5 9. Bd3 O-O 10. O-O Qd7 11. Re1 Bxd3 12. Qxd3 Na6 13. Rac1 Nf5 14.
a3 Rfe8 15. e4 dxe4 16. Nxe4 Nxh4 17. Nxh4 Bf4 18. Rcd1 Rad8 19. Qf3 Bb8
20. Nf5 Kh8 21. h4 Rf8 1/2-1/2

[Event "Gonzaga Masters 2016"]
[Site "Dublin IRL"]
[Date "2016.01.23"]
[Round "3"]
[White "Boland, Dylan"]
[Black "Boyle, Bernard"]
[Result "1/2-1/2"]
[WhiteElo "1855"]
[BlackElo "1889"]
[WhiteICU "1758"]
[BlackICU "1800"]
[WhiteClub "St. Benildus"]
[BlackClub "Elm Mount"]
[WhiteNationality "IRL"]
[BlackNationality "IRL"]
[WhiteFideId "2507560"]
[BlackFideId "2501830"]
[PlyCount "60"]
[EventDate "2016.01.22"]
[Source "Herbert Scarry, via Dylan Boland"]

{ Reference: <a
href="http://www.irlchess.com/gonzaga2016_allfiles/pairings_gonzaga2016.html">Tournament
report</a>. } { Event information: <a
href="http://ratings.icu.ie/tournaments/781">Pairings &amp; results</a>,
ICU ratings web site. }

1. d4 e6 2. c4 b6 3. Nf3 Bb7 4. Nc3 Bb4 5. Qc2 f5 6. Bf4 Nf6 7. e3 Ne4 8.
h4 Na6 9. Nd2 Nf6 10. Be2 Qe7 11. Bf3 Bxf3 12. Nxf3 O-O-O 13. a3 Bxc3+ 14.
Qxc3 d6 15. b4 h6 16. h5 Ne4 17. Qc2 c5 18. bxc5 dxc5 19. Ne5 Qb7 20. f3
Nd6 21. Rd1 Nf7 22. Qa4 Nxe5 23. Bxe5 Rhg8 24. O-O g6 25. hxg6 Rxg6 26. d5
Rdg8 27. Rf2 Nb8 28. Bxb8 Kxb8 29. dxe6 Qg7 30. Qc2 Qe5 1/2-1/2

[Event "Gonzaga Masters 2016"]
[Site "Dublin IRL"]
[Date "2016.01.23"]
[Round "3"]
[White "Melaugh, Shane"]
[Black "Tirziman, Rudolf"]
[Result "1/2-1/2"]
[WhiteElo "1684"]
[BlackElo "2001"]
[WhiteICU "1684"]
[BlackICU "1900"]
[WhiteClub "Elm Mount"]
[BlackClub "Blanchardstown"]
[WhiteNationality "IRL"]
[BlackNationality "IRL"]
[WhiteFideId "2509580"]
[BlackFideId "2508664"]
[PlyCount "25"]
[EventDate "2016.01.22"]
[Source "Herbert Scarry, via Dylan Boland"]

{ Reference: <a
href="http://www.irlchess.com/gonzaga2016_allfiles/pairings_gonzaga2016.html">Tournament
report</a>. } { Event information: <a
href="http://ratings.icu.ie/tournaments/781">Pairings &amp; results</a>,
ICU ratings web site. }

1. c4 Nf6 2. Nc3 e6 3. g3 d5 4. cxd5 exd5 5. d4 c6 6. Bg2 Bd6 7. Nf3 Nbd7
8. O-O O-O 9. e3 Re8 10. Qb3 b5 11. Ng5 Nb6 12. e4 h6 13. e5 1/2-1/2

[Event "Gonzaga Masters 2016"]
[Site "Dublin IRL"]
[Date "2016.01.23"]
[Round "3"]
[White "Plaza Reino, Agustin"]
[Black "Scott, Luke"]
[Result "1-0"]
[WhiteElo "1638"]
[BlackElo "1829"]
[WhiteICU "1771"]
[BlackICU "1727"]
[WhiteClub "Enniscorthy"]
[BlackClub "Blanchardstown"]
[WhiteNationality "IRL"]
[BlackNationality "IRL"]
[WhiteFideId "32083483"]
[BlackFideId "2507986"]
[PlyCount "31"]
[EventDate "2016.01.22"]
[Source "Herbert Scarry, via Dylan Boland"]

{ Reference: <a
href="http://www.irlchess.com/gonzaga2016_allfiles/pairings_gonzaga2016.html">Tournament
report</a>. } { Event information: <a
href="http://ratings.icu.ie/tournaments/781">Pairings &amp; results</a>,
ICU ratings web site. }

1. e4 e6 2. d4 d5 3. Nd2 Nf6 4. e5 Nfd7 5. f4 c5 6. c3 Nc6 7. Ndf3 Be7 8.
h4 f6 9. Bd3 O-O 10. Ne2 b6 11. Be3 cxd4 12. cxd4 Nb4 13. Bb1 Ba6 14. a3
Bxe2 15. Qxe2 Nc6 16. Qc2 1-0

[Event "Gonzaga Masters 2016"]
[Site "Dublin IRL"]
[Date "2016.01.23"]
[Round "3"]
[White "Li, Henry"]
[Black "Murray, David"]
[Result "0-1"]
[WhiteElo "1882"]
[BlackElo "2160"]
[WhiteICU "1995"]
[BlackICU "2113"]
[WhiteClub "Gonzaga"]
[BlackClub "Gonzaga"]
[WhiteNationality "IRL"]
[BlackNationality "IRL"]
[WhiteFideId "2508524"]
[BlackFideId "2501511"]
[PlyCount "98"]
[EventDate "2016.01.22"]

{ Annotator: David Murray (see source). } { Source: <a
href="http://www.icu.ie/games/31838">Li, Henry - Murray, David</a>, ICU
games archive. } { Reference: <a
href="http://www.irlchess.com/gonzaga2016_allfiles/pairings_gonzaga2016.html">Tournament
report</a>. } { Event information: <a
href="http://ratings.icu.ie/tournaments/781">Pairings &amp; results</a>,
ICU ratings web site. }

1. e4 e5 2. Nf3 Nc6 3. Bb5 a6 4. Ba4 Nf6 5. O-O b5 6. Bb3 Bc5 7. c3 d6 8.
d4 Bb6 9. Bg5 O-O 10. d5 Nb8 11. a4 bxa4 12. Bxa4 h6 13. Bxf6 Qxf6 14. Qd3
a5 15. Nbd2 Na6 16. Bc6 Nc5 17. Qc2 Rb8 18. b4 axb4 19. cxb4 Nd7 20. Qa4
Rd8 21. Nc4 Nf8 22. Nxb6 cxb6 23. Qb3 Ng6 24. Qe3 Nf4 25. Kh1 Rf8 26. Ne1
Qg6 27. g3 Nh3 28. f4 f5 29. fxe5 dxe5 30. Nd3 Qd6 31. Rae1 Ng5 32. Nb2
Qxb4 33. Nd3 Qxe4+ 34. Qxe4 Nxe4 35. Nxe5 Rd8 36. g4 Nd6 37. Ng6 fxg4 38.
Re7 b5 39. Ne5 b4 40. Ra1 b3 41. Bd7 Bxd7 42. Rxd7 Rxd7 43. Nxd7 b2 44. Rb1
Rb5 45. Ne5 Rxd5 46. Nxg4 Nc4 47. Nf2 Ra5 48. Nd1 Ra1 49. Nc3 Nd2 0-1

[Event "Gonzaga Masters 2016"]
[Site "Dublin IRL"]
[Date "2016.01.23"]
[Round "3"]
[White "Mulligan, Scott"]
[Black "Delaney, Killian"]
[Result "0-1"]
[WhiteElo "1919"]
[BlackElo "2180"]
[WhiteICU "1889"]
[BlackICU "2102"]
[WhiteClub "Rathmines Jrs"]
[BlackClub "Gonzaga"]
[WhiteNationality "IRL"]
[BlackNationality "IRL"]
[WhiteFideId "2507498"]
[BlackFideId "2501570"]
[PlyCount "62"]
[EventDate "2016.01.22"]
[Source "Herbert Scarry, via Dylan Boland"]

{ Reference: <a
href="http://www.irlchess.com/gonzaga2016_allfiles/pairings_gonzaga2016.html">Tournament
report</a>. } { Event information: <a
href="http://ratings.icu.ie/tournaments/781">Pairings &amp; results</a>,
ICU ratings web site. }

1. e4 c6 2. d4 d5 3. exd5 cxd5 4. Bd3 Nc6 5. c3 Qc7 6. Nf3 Bg4 7. Nbd2 e6
8. h3 Bh5 9. Qe2 Bd6 10. O-O Nf6 11. Re1 O-O 12. g4 Bg6 13. Bxg6 hxg6 14.
Ne5 Rae8 15. f4 Bxe5 16. fxe5 Nd7 17. Nf3 f6 18. Bf4 fxe5 19. Bxe5 Qb6 20.
Kg2 Ncxe5 21. Nxe5 Nxe5 22. dxe5 Rf4 23. Qc2 Ref8 24. Rf1 g5 25. Rxf4 gxf4
26. Qf2 f3+ 27. Kg3 Qa6 28. h4 Qc4 29. Kh3 Rf4 30. Rg1 Qd3 31. Rg3 Qe2 0-1

[Event "Gonzaga Masters 2016"]
[Site "Dublin IRL"]
[Date "2016.01.23"]
[Round "3"]
[White "McMorrow, John"]
[Black "Haque, Mustakim-Ul"]
[Result "1/2-1/2"]
[WhiteElo "1983"]
[BlackElo "1846"]
[WhiteICU "1851"]
[BlackICU "1778"]
[WhiteClub "Gonzaga"]
[BlackClub "Rathmines Jrs"]
[WhiteNationality "IRL"]
[BlackNationality "IRL"]
[WhiteFideId "2501481"]
[BlackFideId "2509334"]
[PlyCount "114"]
[EventDate "2016.01.22"]
[Source "Herbert Scarry, via Dylan Boland"]

{ Reference: <a
href="http://www.irlchess.com/gonzaga2016_allfiles/pairings_gonzaga2016.html">Tournament
report</a>. } { Event information: <a
href="http://ratings.icu.ie/tournaments/781">Pairings &amp; results</a>,
ICU ratings web site. }

1. e4 c6 2. d4 d5 3. Nc3 dxe4 4. Nxe4 Nf6 5. Nxf6+ exf6 6. c3 Bd6 7. Bd3
O-O 8. Qc2 h6 9. Ne2 Qc7 10. Be3 Be6 11. Ng3 Re8 12. Qd2 Nd7 13. O-O h5 14.
Nxh5 Bxh2+ 15. Kh1 Bd6 16. Bh6 Bf8 17. Bf4 Bd6 18. Rfe1 Bxf4 19. Nxf4 Nf8
20. Nxe6 Rxe6 21. Bf5 Rxe1+ 22. Rxe1 Qd6 23. Re3 Qd5 24. Bb1 Rd8 25. Rg3
Qh5+ 26. Rh3 Qd5 27. Qf4 Ne6 28. Qh2 Kf8 29. b3 c5 30. Rh5 Qd6 31. d5 Qxh2+
32. Kxh2 Nf4 33. Rh8+ Ke7 34. Rxd8 Kxd8 35. c4 Ne2 36. Bc2 g6 37. g3 Kc7
38. Kh3 Kb6 39. Kg4 Ka5 40. a3 Kb6 41. f4 Nd4 42. Bd1 Nf5 43. Kf3 Nd4+ 44.
Ke4 Nf5 45. g4 Nd6+ 46. Kd3 a5 47. Bc2 Kc7 48. Kc3 b5 49. Bd3 b4+ 50. axb4
axb4+ 51. Kd2 Kd7 52. Ke3 Ke7 53. Kf3 Kf8 54. Kg3 g5 55. Bf5 Ke7 56. Bh7
Kf8 57. Kf3 Ke7 1/2-1/2

[Event "Gonzaga Masters 2016"]
[Site "Dublin IRL"]
[Date "2016.01.23"]
[Round "3"]
[White "Pachalov, Aleksejus"]
[Black "O'Connell, Gerard"]
[Result "0-1"]
[WhiteElo "1876"]
[BlackElo "2114"]
[WhiteICU "1684"]
[BlackICU "2016"]
[WhiteClub "Balbriggan"]
[BlackClub "St. Benildus"]
[WhiteNationality "RUS"]
[BlackNationality "IRL"]
[WhiteFideId "54163145"]
[BlackFideId "2500493"]
[PlyCount "104"]
[EventDate "2016.01.22"]
[Source "Herbert Scarry, via Dylan Boland"]

{ Reference: <a
href="http://www.irlchess.com/gonzaga2016_allfiles/pairings_gonzaga2016.html">Tournament
report</a>. } { Event information: <a
href="http://ratings.icu.ie/tournaments/781">Pairings &amp; results</a>,
ICU ratings web site. }

1. d4 Nf6 2. c4 g6 3. Nc3 d5 4. Nf3 Bg7 5. Qb3 dxc4 6. Qxc4 O-O 7. e4 c6 8.
Be2 b5 9. Qd3 b4 10. Na4 Ba6 11. Qc2 Bxe2 12. Qxe2 Qa5 13. Nc5 Nfd7 14. Nb3
Qa6 15. Be3 e5 16. Qxa6 Nxa6 17. O-O-O exd4 18. Bxd4 Bh6+ 19. Kb1 c5 20.
Be3 Bxe3 21. Rxd7 Bxf2 22. Rf1 c4 23. Na5 Bb6 24. Nxc4 Nc5 25. Nxb6 axb6
26. Re7 Rfe8 27. Rxe8+ Rxe8 28. e5 Nd3 29. Kc2 Nxe5 30. Nxe5 Rxe5 31. Rf2
f5 32. Kb3 Re4 33. Ka4 Kf7 34. b3 Ke6 35. Kb5 g5 36. Kxb6 h5 37. Kc5 h4 38.
a4 bxa3 39. b4 f4 40. b5 Kd7 41. Rd2+ Kc8 42. Kc6 Re6+ 43. Kd5 Kd7 44. Kc4+
Kc7 45. Ra2 Re3 46. Kd4 Kb6 47. h3 Kxb5 48. Ra1 Kb4 49. Rb1+ Rb3 50. Ra1
Rb2 51. Rc1 Rd2+ 52. Ke4 Rxg2 0-1

[Event "Gonzaga Masters 2016"]
[Site "Dublin IRL"]
[Date "2016.01.23"]
[Round "3"]
[White "Higgins, Paul"]
[Black "Copeland, Dean"]
[Result "1/2-1/2"]
[WhiteElo "1766"]
[BlackElo "1801"]
[WhiteICU "1653"]
[BlackICU "1603"]
[WhiteClub "Rathmines"]
[BlackClub "Enniscorthy"]
[WhiteNationality "IRL"]
[BlackNationality "IRL"]
[WhiteFideId "2506351"]
[BlackFideId "368178551"]
[PlyCount "70"]
[EventDate "2016.01.22"]
[Source "Herbert Scarry, via Dylan Boland"]

{ Reference: <a
href="http://www.irlchess.com/gonzaga2016_allfiles/pairings_gonzaga2016.html">Tournament
report</a>. } { Event information: <a
href="http://ratings.icu.ie/tournaments/781">Pairings &amp; results</a>,
ICU ratings web site. }

1. c4 e5 2. g3 Nf6 3. Bg2 d5 4. Nc3 d4 5. Ne4 Nxe4 6. Bxe4 f5 7. Bg2 Nc6 8.
d3 Bc5 9. a3 a5 10. f4 Qe7 11. fxe5 Nxe5 12. Qc2 Ng4 13. Nh3 O-O 14. Bg5
Qd7 15. O-O-O Rb8 16. Bd2 Qe7 17. Rde1 Kh8 18. Nf4 Ne3 19. Bxe3 Qxe3+ 20.
Qd2 Qxd2+ 21. Kxd2 c6 22. Rb1 a4 23. h4 Bd7 24. Rhc1 Rfe8 25. Bf3 Rf8 26.
Rh1 b5 27. cxb5 Rxb5 28. Rhc1 Rfb8 29. Rc2 Kg8 30. Nh3 h6 31. Nf4 Kf7 32.
Rg1 R5b6 33. Bh5+ Kf6 34. Bf3 Kf7 35. Bg2 Rb5 1/2-1/2

[Event "Gonzaga Masters 2016"]
[Site "Dublin IRL"]
[Date "2016.01.23"]
[Round "3"]
[White "Cafolla, Peter"]
[Black "Nunes, Franklin"]
[Result "1-0"]
[WhiteElo "2045"]
[BlackElo "1877"]
[WhiteICU "1975"]
[BlackICU "1826"]
[BlackClub "Rathmines"]
[WhiteNationality "IRL"]
[BlackNationality "BRA"]
[WhiteFideId "2500884"]
[BlackFideId "2158272"]
[PlyCount "93"]
[EventDate "2016.01.22"]
[Source "Herbert Scarry, via Dylan Boland"]

{ Reference: <a
href="http://www.irlchess.com/gonzaga2016_allfiles/pairings_gonzaga2016.html">Tournament
report</a>. } { Event information: <a
href="http://ratings.icu.ie/tournaments/781">Pairings &amp; results</a>,
ICU ratings web site. }

1. e4 c5 2. Nc3 Nc6 3. g3 g6 4. Bg2 Bg7 5. d3 e6 6. f4 Nge7 7. Nf3 O-O 8.
O-O a6 9. Be3 Nd4 10. Qd2 b5 11. e5 Bb7 12. Nxd4 cxd4 13. Bxb7 dxe3 14.
Qxe3 Rb8 15. Bg2 d5 16. d4 Nf5 17. Qd3 Qa5 18. g4 Ne7 19. Nd1 f5 20. g5
Rfc8 21. Rf2 Nc6 22. Ne3 Qb6 23. c3 Bf8 24. b4 Ne7 25. a4 Qc6 26. Nd1 bxa4
27. Rfa2 a5 28. bxa5 Qc4 29. Qxc4 Rxc4 30. Bf1 Rc7 31. Rxa4 Nc6 32. Kf2 Kf7
33. a6 Ra7 34. Bd3 Rb6 35. Rb1 Rxb1 36. Bxb1 Ke7 37. Bd3 Kd7 38. Ke3 Kc7
39. c4 Nb4 40. Nc3 Ra8 41. cxd5 Nxd5+ 42. Nxd5+ exd5 43. Ra2 Rb8 44. h4 Bb4
45. h5 Kb6 46. hxg6 hxg6 47. Rh2 1-0

[Event "Gonzaga Masters 2016"]
[Site "Dublin IRL"]
[Date "2016.01.23"]
[Round "3"]
[White "Nikrow, Shahram"]
[Black "Scallan, Fiachra"]
[Result "1-0"]
[WhiteElo "1835"]
[BlackElo "1747"]
[WhiteICU "1723"]
[BlackICU "1767"]
[WhiteClub "Dublin"]
[BlackClub "Rathmines Jrs"]
[WhiteNationality "IRL"]
[BlackNationality "IRL"]
[WhiteFideId "2506424"]
[BlackFideId "2507528"]
[PlyCount "87"]
[EventDate "2016.01.22"]
[Source "Herbert Scarry, via Dylan Boland"]

{ Reference: <a
href="http://www.irlchess.com/gonzaga2016_allfiles/pairings_gonzaga2016.html">Tournament
report</a>. } { Event information: <a
href="http://ratings.icu.ie/tournaments/781">Pairings &amp; results</a>,
ICU ratings web site. }

1. e4 e6 2. d4 d5 3. Nd2 Nf6 4. e5 Nfd7 5. Ngf3 c5 6. c3 Nc6 7. Bd3 Be7 8.
O-O g5 9. Bb5 a6 10. Bxc6 bxc6 11. Nb3 c4 12. Nbd2 Qa5 13. Nxc4 dxc4 14.
Bxg5 Qd8 15. Bxe7 Qxe7 16. Qa4 Rb8 17. Qxc4 Rg8 18. b4 Bb7 19. Qd3 Rg6 20.
g3 Nf8 21. Nd2 Qg5 22. Ne4 Qh6 23. Nd6+ Kd7 24. Nxb7 Rxb7 25. Qxa6 Rb5 26.
Qa7+ Ke8 27. Qc7 Nd7 28. Qxc6 Rb6 29. Qf3 Qh3 30. a4 Rh6 31. Qg2 Qf5 32. a5
Rb8 33. a6 Nb6 34. a7 Ra8 35. c4 Qh5 36. c5 Nc8 37. b5 Rxa7 38. Rxa7 Nxa7
39. b6 Nc6 40. Qxc6+ Kf8 41. Qg2 Qg5 42. c6 Qd8 43. c7 Qc8 44. Qc6 1-0

[Event "Gonzaga Masters 2016"]
[Site "Dublin IRL"]
[Date "2016.01.23"]
[Round "3"]
[White "Sheehy, Padraig"]
[Black "Pocevicius, Dovydas"]
[Result "1/2-1/2"]
[WhiteElo "1826"]
[BlackElo "1587"]
[WhiteICU "1566"]
[BlackICU "1664"]
[WhiteClub "Gonzaga"]
[BlackClub "Enniscorthy"]
[WhiteNationality "IRL"]
[BlackNationality "IRL"]
[WhiteFideId "2507994"]
[BlackFideId "2508427"]
[PlyCount "120"]
[EventDate "2016.01.22"]
[Source "Herbert Scarry, via Dylan Boland"]
[WhiteFullName "Sheehy, P&aacute;draig"]

{ Reference: <a
href="http://www.irlchess.com/gonzaga2016_allfiles/pairings_gonzaga2016.html">Tournament
report</a>. } { Event information: <a
href="http://ratings.icu.ie/tournaments/781">Pairings &amp; results</a>,
ICU ratings web site. }

1. e4 Nc6 2. Nf3 f5 3. Nc3 fxe4 4. Nxe4 d5 5. Ng3 e5 6. Bb5 Bg4 7. h3 Bxf3
8. Qxf3 Nf6 9. d3 Bc5 10. Be3 Bxe3 11. Bxc6+ bxc6 12. Qxe3 O-O 13. O-O Nd7
14. f4 exf4 15. Rxf4 Rxf4 16. Qxf4 Nf6 17. Re1 Qd6 18. Qxd6 cxd6 19. Nf5 g6
20. Ne7+ Kf7 21. Nxc6 Rc8 22. Nd4 Rb8 23. b3 Rb7 24. Re2 Nd7 25. Nc6 Rc7
26. Re7+ Kf6 27. Rxh7 Rxc6 28. Rxd7 Rxc2 29. Rxd6+ Ke5 30. Ra6 Rd2 31. Kf1
Rxd3 32. Rxg6 Rc3 33. h4 d4 34. Ke2 Rc2+ 35. Kd3 Rxa2 36. Rg5+ Kf6 37. Kxd4
a5 38. g4 a4 39. bxa4 Rxa4+ 40. Kc3 Ra3+ 41. Kb2 Rh3 42. Rf5+ Ke6 43. h5
Rh4 44. Rf4 Ke5 45. Rb4 Rh3 46. Kc2 Kf6 47. Kd2 Kg5 48. Ke2 Rh2+ 49. Kf3
Rh3+ 50. Kf2 Rc3 51. Re4 Rh3 52. Re3 Rh4 53. Re4 Rh3 54. Kg2 Rd3 55. Re5+
Kxg4 56. h6 Rg3+ 57. Kf2 Rf3+ 58. Ke2 Rh3 59. Re6 Kg5 60. Re8 Rxh6 1/2-1/2